U.S. States Larger Than The Great Lakes - Statistics

General Stats
  • This quiz has been taken 36 times
  • The average score is 10 of 11
Answer Stats
Land Area
(Square Miles)
States Larger Than
The Great Lakes
(94,250 Square Miles)
% Correct
665,385 Alaska
97%
163,694 California
97%
268,596 Texas
97%
97,813 Wyoming
97%
113,990 Arizona
94%
104,093 Colorado
94%
147,039 Montana
94%
110,571 Nevada
91%
121,590 New Mexico
89%
98,378 Oregon
86%
96,718 Michigan
69%
No matching quizzes found
Score Distribution
Percent of People with Each Score
Percentile by Number Answered
Your Score History
You have not taken this quiz